00892cam a2200265 a 450000100100000000500170001000800410002702000150006804000230008308200260010610000390013224500760017125000110024726000370025830000210029549000260031665000260034265000290036883000350039791000340043291000070046604900090047395201290048299900150061100000984420240306164224.0840820s1983 sp 000 d spa d a8432204757 aDO-SdBNPcDLCdDLC aPe862.44bV297k, 19831 aVargas Llosa, Mario,d1936-91256710aKathie y el hipopótamo :bcomedia en dos actos /cMario Vargas Llosa. a2a ed. aBarcelona :bSeix Barral,c1983. a145 p. ;c20 cm.1 aBiblioteca Brevev627 4aTeatro peruano924762 4aLiteratura peruana93140 0aBiblioteca Breve ;v627913442 aCatalogación por copia / LC aWM aBNGR 001052708MOaGRbGRcHDd2009-10-01iLF1l0oPe862.44 V297k, 1983p9844-10r2020-06-25w2020-06-25y2ZPréstamo interno c9603d9603